| 000 | 00595cam a2200217 4500 | ||
|---|---|---|---|
| 001 | M96005 | ||
| 008 | 090401t1998 xxu||||| |||| 00| 0 eng d | ||
| 035 | _a(Sirsi) u99655 | ||
| 041 | _aeng | ||
| 110 |
_aRoyal Institution of Chartered Surveyors _94900 |
||
| 245 | _aImproving planning appeal procedures. | ||
| 260 |
_aLondon _bRICS _c1998 |
||
| 300 | _a6p. ; 30cm. | ||
| 350 | _a0 | ||
| 490 |
_aRICS Policy Unit Submission _vPU/SUB/106 |
||
| 650 | _aPLANNING APPEAL PROCEDURES | ||
| 650 | _aPLANNING APPEALS | ||
| 690 | _aPLANNING LAW AND PRACTICE | ||
| 942 | _n0 | ||
| 948 | _c12/01/1999 | ||
| 999 |
_c99427 _d99427 |
||